Loading...
| LEADER | 00626cam a2200217ua 4500 | ||
|---|---|---|---|
| 008 | 060815t1998||||||||||| 001 ||eng c | ||
| 020 | |a 81-224-1184-3 | ||
| 041 | 0 | |a eng | |
| 082 | |a 530 |b NAR/P | ||
| 245 | 0 | 0 | |a Physics: second year B.Sc. / |
| 250 | |a 3rd | ||
| 260 | |a New Delhi: |b New Age, |c 1998. | ||
| 300 | |a 323p.. | ||
| 362 | 1 | |a 1998. | |
| 365 | |a Rs.150/- |e pb | ||
| 500 | |a Includes index. | ||
| 650 | 0 | |a Physics | |
| 700 | 0 | 2 | |a Narayana Rao B. V., |
| 942 | |c BK | ||
| 999 | |c 4591 |d 4591 | ||
| 952 | |0 0 |1 0 |4 0 |6 530_000000000000000_NAR |7 0 |9 4815 |a KUCL |b KUCL |d 2014-05-23 |l 4 |m 1 |o 530 NAR/ |p 07862 |r 2019-07-16 |s 2019-06-21 |w 2014-05-23 |y BK | ||